Roue de la fortune - Mort subite #12 - Statistiques

Statistiques générales
  • Ce quiz a été pris 187 fois
  • Le résultat moyen est 18 sur 21
Statistiques - réponses
% Correct
E
98%
E
98%
E
98%
E
98%
A
97%
A
97%
L
95%
I
88%
I
88%
I
88%
T
85%
N
83%
O
83%
S
83%
R
79%
V
74%
P
71%
D
70%
D
70%
H
64%
F
63%
Aucun quiz correspondant
Distribution des résultats
% des personnes avec chaque résultat
Percentile par nombre de réponses
Votre historique - résultats
Vous n’avez pas pris ce quiz